Normal view
MARC view
Entry Personal Name
001 - CONTROL NUMBER
- control field: 17418
003 - CONTROL NUMBER IDENTIFIER
- control field: OSt
005 - DATE AND TIME OF LATEST TRANSACTION
- control field: 20230215094709.0
008 - FIXED-LENGTH DATA ELEMENTS
- fixed length control field: 230215|| aca||aabn | a|a d
040 ## - CATALOGING SOURCE
- Original cataloging agency: OSt
- Transcribing agency: OSt
100 ## - HEADING--PERSONAL NAME
- Personal name: ပဌမဓမ္မနာဒဆရာတော်ဘုရားကြီး
670 ## - SOURCE DATA FOUND
- Source citation: Work cat.: (OSt): ပဌမဓမ္မနာဒဆရာတော်ဘုရားကြီး, ဓါတ် ၆ ပါးသိမ်းဆည်းပုံကျမ်းနှင့်ဓမ္မသံဝေဂဂါထာလင်္ကာများ၊ အဓိပ္ပါယ်ရှင်းလင်းချက်များ\, ၁၉၇၉